Thor Villains A-Z by Picture - Statistics

General Stats
  • This quiz has been taken 44 times
  • The average score is 10 of 21
Answer Stats
Picture Answer % Correct
Loki
100%
Hela
97%
Collector
76%
Malekith
76%
Destroyer
71%
Enchantress
71%
Fenris
68%
Absorbing Man
56%
Wrecker
47%
Bulldozer
44%
Grey Gargoyle
44%
Piledriver
44%
Thunderball
44%
Radioactive Man
41%
Ymir
38%
Ulik
35%
Quicksand
29%
Karnilla
24%
Zarrko the Tomorrow Man
21%
Nobilus
6%
Sedna
3%
No matching quizzes found
Score Distribution
Percent of People with Each Score
Percentile by Number Answered
Your Score History
You have not taken this quiz